000 00492nam a2200157Ia 4500
008 230917s9999||||xx |||||||||||||| ||und||
040 _e176700
_aMAIN
041 _aEnglish
082 _a891.431731 MI261P
100 _aमदान,इन्द्रनाथ, सम्पा.
245 0 _aनव भारती
250 _a4 संस्करण ed.
260 _aचण्डीगढ़
_bपब्लिकेशन ब्यूरो
_c1973
300 _a272 p.
942 _cHN
999 _c122369
_d122369